| 000 | 00654nam a2200217 a 4500 | ||
|---|---|---|---|
| 005 | 20221026063606.0 | ||
| 008 | 160823s2012 mx r 000 0 spa d | ||
| 020 | _a9789876011600 | ||
| 035 | _aUPN01000212499 | ||
| 049 | _aCG | ||
| 050 | 4 |
_aLA546 _bE3.9 |
|
| 245 | 0 | 3 |
_aLa educación secundaria como derecho / _ccomp. Stella Maris Más Rocha. |
| 260 |
_aBuenos Aires : _bStella : _bLa Crujía, _c2012. |
||
| 300 |
_a327 p. : _bcuadros |
||
| 440 | 0 | _aItinerarios | |
| 650 | 4 |
_aEducación secundaria _zArgentina _912043 |
|
| 650 | 2 |
_aEducación obligatoria _914892 |
|
| 700 | 1 |
_aMás Rocha, Stella Maris, _ecomp. |
|
| 905 | _aLibro | ||
| 999 |
_c184599 _d184599 |
||